| 000 | 00629nam a2200205 a 4500 | ||
|---|---|---|---|
| 005 | 20250829063929.0 | ||
| 008 | 991125s1989 ch 000 0 spa u | ||
| 035 | _aUPN01000001491 | ||
| 049 | _aCG | ||
| 050 | 4 |
_aLC5219 _bR5.3 1989 |
|
| 100 | 1 | _aRivera Pizarro, Jorge | |
| 245 | 1 | 0 |
_aAlfabetización / _cJorge Rivera Pizarro. |
| 250 | _a2a ed. | ||
| 260 |
_aSantiago : _bOREALC : _bUNESCO, _c1989. |
||
| 300 | _a91 p. | ||
| 440 | 0 |
_aMateriales de apoyo para la formación docente en educación bilingüe e intercultural ; _v5 |
|
| 650 | 4 |
_aAlfabetización (Educación) _91831 |
|
| 650 | 4 |
_aAnalfabetismo _94901 |
|
| 905 | _aLibro | ||
| 999 |
_c1491 _d1491 |
||